00272nam a2200109Ia 4500008004100000041001200041082001100053100001700064245006900081260000600150650000600156221030s9999 xx 000 0 und d aEnglish a105.23 aR. K. Bansal 0aEngineering Mechanics and Strength of Materialscby R. K. Bansal c0 aB